| 000 | 00501cam a22001457a 4500 | ||
|---|---|---|---|
| 008 | 180718b1986 xxu||||| |||| 00| 0 eng d | ||
| 082 | _aBA27x54 Sa56 | ||
| 100 | _aSandanshiv, D.N. | ||
| 245 |
_aReservations for social justice: a socio-constitutional approach _cby D.N. Sandanshiv |
||
| 260 |
_aBombay _bCurrent Law _c1986 |
||
| 300 | _a232p. | ||
| 650 | _aIndia --Scheduled tribes --Legal status, laws, etc. | ||
| 650 | _aEquality before the law --India | ||
| 650 | _aDalits --Legal status, laws, etc | ||
| 999 |
_c353287 _d353287 |
||